[Event "Düsseldorf 2- Lasker Köln 2"]
[Site "?"]
[Date "2022.11.13"]
[Round "4.8"]
[White "Kesseler, Heiko"]
[Black "Wolters, Michael"]
[Result "1-0"]
[WhiteElo "2029"]
[BlackElo "1605"]
[Annotator "daniel"]
[PlyCount "101"]
[SourceVersionDate "2023.06.22"]

1. e4 e5 2. Nf3 Nc6 3. Bb5 a6 4. Ba4 Nf6 5. O-O Be7 6. Re1 b5 7. Bb3 O-O 8. Nc3
d6 9. h3 Na5 10. d3 Nxb3 11. axb3 Bb7 12. Bg5 h6 13. Bd2 c5 14. Nh2 b4 15. Ne2
d5 16. Ng3 Qd7 17. Qe2 Rfd8 18. Rad1 a5 19. Bc1 Ra6 20. Nf5 Bf8 21. g4 Qc6 22.
f3 Qe6 23. Nf1 Nh7 24. Qg2 g6 25. h4 Nf6 26. Nxh6+ Kh7 27. g5 Nh5 28. Ng4 dxe4
29. fxe4 Bg7 30. Nfh2 Nf4 $11 31. Qf3 a4 32. bxa4 b3 33. c3 Qd6 34. Bxf4 exf4
35. Rf1 Rxa4 36. Qxf4 Qxf4 37. Rxf4 Ra2 38. Rxf7 Ba6 39. Nf6+ Kh8 40. Rd2 Rxd3
41. Rxd3 Bxd3 42. Rd7 Rxb2 43. Rxd3 Bxf6 44. gxf6 Kg8 45. Rd7 Rc2 46. Rb7 Rxc3
47. Nf1 c4 48. e5 Rc2 49. e6 Re2 50. Rb8+ Kh7 51. f7 1-0

[Event "Düsseldorf Süd- Herzogenrath"]
[Site "?"]
[Date "2022.11.13"]
[Round "4.1"]
[White "Meirick, Ingo"]
[Black "Kontorovitch, Vladimir"]
[Result "1-0"]
[WhiteElo "2201"]
[BlackElo "2097"]
[PlyCount "77"]
[SourceVersionDate "2023.06.22"]

1. d4 Nf6 2. c4 e6 3. g3 Bb4+ 4. Bd2 c5 5. Bxb4 cxb4 6. Bg2 O-O 7. Nh3 d6 8.
O-O a5 9. a3 Na6 10. axb4 Nxb4 11. Nf4 Qc7 12. Na3 Bd7 13. e4 Rfd8 14. Qe2 Nc6
15. Nb5 Qb6 16. Rfd1 e5 17. dxe5 Bg4 18. Bf3 Bxf3 19. Qxf3 dxe5 20. Nd5 Nxd5
21. exd5 Na7 22. Nc3 Qb4 23. Ra4 Qb6 24. Rda1 Nc8 25. b4 Qd4 26. bxa5 Nd6 27.
Rd1 Qc5 28. Ne4 Nxe4 29. Qxe4 f6 30. Rb1 Rd7 31. Rb5 Qd6 32. Qb1 Ra7 33. Qb3 h6
34. Rab4 e4 35. Qc3 Qc7 36. Qd4 Rxa5 37. Rxb7 Qd6 38. Qxe4 Rd8 39. Qg6 1-0

[Event "Düsseldorf Süd- Herzogenrath"]
[Site "?"]
[Date "2022.11.13"]
[Round "4.2"]
[White "Tagsold, Christian"]
[Black "Schreyer, Oliver"]
[Result "1/2-1/2"]
[WhiteElo "2140"]
[BlackElo "2088"]
[PlyCount "38"]
[SourceVersionDate "2023.06.22"]

1. c4 e5 2. Nc3 Nf6 3. Nf3 Nc6 4. e3 Be7 5. a3 O-O 6. Qc2 Re8 7. b4 d6 8. Bb2
Bg4 9. Bd3 Bh5 10. Nd5 Bg6 11. Bxg6 hxg6 12. d3 Qd7 13. O-O Nd8 14. Rac1 Bf8
15. d4 c6 16. dxe5 Ng4 17. e6 Nxe6 18. Nc3 Qe7 19. Ne2 Ng5 1/2-1/2

[Event "Düsseldorf Süd- Herzogenrath"]
[Site "?"]
[Date "2022.11.13"]
[Round "4.3"]
[White "Haverkamp, Klaus"]
[Black "Hoffmann, Andre"]
[Result "1/2-1/2"]
[WhiteElo "1873"]
[BlackElo "2007"]
[PlyCount "38"]
[SourceVersionDate "2023.06.22"]

1. e4 c5 2. Nf3 Nc6 3. d4 cxd4 4. Nxd4 Nf6 5. Nc3 e6 6. Nxc6 bxc6 7. e5 Nd5 8.
Nxd5 cxd5 9. c4 dxc4 10. Qa4 Qc7 11. Bf4 Rb8 12. Qxc4 Bb4+ 13. Kd1 Qd8 14. Bd3
Be7 15. Qc2 h6 16. Ke2 O-O 17. h4 Bxh4 18. Qd2 d6 19. g3 Bg5 1/2-1/2

[Event "Düsseldorf Süd- Herzogenrath"]
[Site "?"]
[Date "2022.11.13"]
[Round "4.4"]
[White "Reinartz, Achim"]
[Black "Arns, Danny"]
[Result "1-0"]
[WhiteElo "1958"]
[BlackElo "1858"]
[PlyCount "67"]
[SourceVersionDate "2023.06.22"]

1. d4 d5 2. c4 e6 3. Nc3 Nf6 4. Bg5 Be7 5. e3 O-O 6. Nf3 h6 7. Bh4 Ne4 8. Bxe7
Qxe7 9. Qb3 Nxc3 10. Qxc3 Nc6 11. a3 a6 12. Rc1 Re8 13. Be2 Qd6 14. O-O Bd7 15.
Rfd1 dxc4 16. Bxc4 Ne7 17. Ne5 Bc6 18. Be2 Nd5 19. Qc5 Ba4 20. Rd2 b6 21. Qc4
Bb5 22. Qb3 Bxe2 23. Rc6 Qd8 24. Rxe2 Ne7 25. Rc1 Qb8 26. f4 Kh8 27. Nxf7+ Kh7
28. Qxe6 Ng6 29. Qc4 Re7 30. Ne5 Nxe5 31. fxe5 Qd8 32. Qc6 Rf7 33. Qe4+ Kh8 34.
Rf1 1-0

[Event "Düsseldorf Süd- Herzogenrath"]
[Site "?"]
[Date "2022.11.13"]
[Round "4.5"]
[White "Schmitt, Lars"]
[Black "Jaeckel, Norbert"]
[Result "0-1"]
[WhiteElo "1813"]
[BlackElo "1874"]
[PlyCount "54"]
[SourceVersionDate "2023.06.22"]

1. d4 Nf6 2. c4 e6 3. Nc3 Bb4 4. e3 O-O 5. Nge2 d5 6. a3 Be7 7. Nf4 Bd6 8. Bd3
dxc4 9. Bxc4 e5 10. dxe5 Bxe5 11. Qxd8 Rxd8 12. Nfe2 Bf5 13. f3 Bd3 14. Bxd3
Rxd3 15. f4 Bxc3+ 16. Nxc3 Nc6 17. Ke2 Rad8 18. Rd1 Rxd1 19. Nxd1 Ne4 20. b4 a5
21. b5 Na7 22. a4 c6 23. Nb2 cxb5 24. axb5 Nxb5 25. Rxa5 Nbd6 26. Na4 Rc8 27.
Ba3 Nc4 0-1

[Event "Düsseldorf Süd- Herzogenrath"]
[Site "?"]
[Date "2022.11.13"]
[Round "4.6"]
[White "Schmitz, Fabian"]
[Black "Samraoui, Mekki"]
[Result "0-1"]
[WhiteElo "1676"]
[BlackElo "2054"]
[PlyCount "52"]
[SourceVersionDate "2023.06.22"]

1. e4 e6 2. d4 d5 3. Nc3 Bb4 4. e5 c5 5. Bd2 Bd7 6. a3 Bxc3 7. bxc3 f5 8. Nh3
Nc6 9. Be3 Qa5 10. Qd2 Nge7 11. Be2 O-O 12. f4 cxd4 13. cxd4 Rac8 14. Ng5 Qxd2+
15. Kxd2 Na5 16. Bd3 Nc4+ 17. Ke2 h6 18. Nf3 Ba4 19. Bd2 Nxd2 20. Kxd2 Rc7 21.
Rhc1 Rfc8 22. Rab1 a6 23. Rb4 b5 24. h3 Rc3 25. Ra1 Bxc2 26. Rc1 Rxd3+ 0-1

[Event "Düsseldorf Süd- Herzogenrath"]
[Site "?"]
[Date "2022.11.13"]
[Round "4.7"]
[White "Boxberg, Marc"]
[Black "Hamm, Norbert"]
[Result "1/2-1/2"]
[WhiteElo "1582"]
[BlackElo "1918"]
[Annotator "daniel"]
[PlyCount "69"]
[SourceVersionDate "2023.06.22"]

1. e4 c5 2. d4 cxd4 3. c3 dxc3 4. Nxc3 Nc6 5. Nf3 d6 6. Bc4 e6 7. O-O Nf6 8.
Qe2 Bd7 9. Rd1 Qb8 10. Bg5 a6 11. a3 Be7 12. Rac1 b5 13. Ba2 Ra7 14. b4 O-O 15.
Bf4 Ne5 16. Nxe5 dxe5 17. Be3 Rc7 18. f3 Rfc8 19. Qb2 Be8 20. Ne2 Rxc1 21. Rxc1
Rxc1+ 22. Nxc1 Nd7 23. Qc3 Nb6 24. Nd3 Nd7 25. Bf2 $11 Bd6 26. Kf1 Qc7 27. Qxc7
Bxc7 28. Nc5 Nxc5 29. Bxc5 Bd7 30. Bb1 f6 31. h3 Kf7 32. Kf2 g6 33. Bc2 Bc6 34.
Ke3 Ke8 35. Bb3 1/2-1/2

[Event "Düsseldorf Süd- Herzogenrath"]
[Site "?"]
[Date "2022.11.13"]
[Round "4.8"]
[White "Ovchinnikov, Max"]
[Black "Horbach, Marc"]
[Result "1-0"]
[WhiteElo "1741"]
[BlackElo "1704"]
[PlyCount "121"]
[SourceVersionDate "2023.06.22"]

1. e4 c6 2. d4 d5 3. exd5 cxd5 4. Bd3 Nc6 5. c3 Nf6 6. Bf4 Bg4 7. Qb3 Na5 8.
Qa4+ Bd7 9. Qc2 Rc8 10. Nd2 g6 11. Ngf3 Bg7 12. O-O O-O 13. Rae1 Nc6 14. Qb3
Qb6 15. Qxb6 axb6 16. Re2 Nh5 17. Bg5 f6 18. Be3 e5 19. dxe5 fxe5 20. Bb5 e4
21. Ne1 Nd4 22. Bxd7 Nxe2+ 23. Kh1 Nhg3+ 24. hxg3 Rcd8 25. Be6+ Kh8 26. Bg4 d4
27. cxd4 Nxd4 28. Nxe4 Rde8 29. Bf3 Nxf3 30. gxf3 Bxb2 31. Bxb6 Re6 32. Bc5 Rc8
33. Nd3 Bg7 34. Rb1 Rd8 35. Rxb7 h6 36. Nf4 Ra6 37. a3 Be5 38. Ne2 Rc6 39. Rb6
Rxb6 40. Bxb6 Ra8 41. Bc5 Bb2 42. Nf4 Kh7 43. Kg2 g5 44. Nd5 Bxa3 45. Ndf6+ Kg6
46. Bxa3 Rxa3 47. Ng4 Ra5 48. Ne3 Ra4 49. Nd5 Ra5 50. Ne3 Ra4 51. Kh3 h5 52.
Nd5 Ra5 53. Ne7+ Kf7 54. Nc6 Rd5 55. Nb4 Rf5 56. Kg2 Kg6 57. Nd3 Ra5 58. Ndc5
Kf5 59. Kh3 h4 60. Nd6+ Ke5 61. Nc4+ 1-0

[Event "Langenfeld 2- Wattenscheid 2"]
[Site "?"]
[Date "2022.11.13"]
[Round "4.1"]
[White "Schroeder, Wilfried"]
[Black "Keller, Karsten"]
[Result "1-0"]
[WhiteElo "2192"]
[BlackElo "2213"]
[PlyCount "57"]
[SourceVersionDate "2023.06.22"]

1. d4 f5 2. Nf3 Nf6 3. g3 g6 4. Bg2 Bg7 5. O-O d6 6. b3 O-O 7. Bb2 c6 8. Nbd2
a5 9. c4 Na6 10. Re1 Qc7 11. e4 Nxe4 12. Nxe4 fxe4 13. Rxe4 Bf5 14. Re1 Rfe8
15. Ng5 e5 16. dxe5 dxe5 17. Qe2 Rad8 18. Ne4 Nb4 19. Red1 Rxd1+ 20. Rxd1 Nxa2
21. Nd6 Re7 22. Nxf5 gxf5 23. Qh5 Rf7 24. Bh3 Qe7 25. Bxf5 Qf6 26. g4 Kf8 27.
f4 Qe7 28. fxe5 Qc5+ 29. Kg2 1-0

[Event "Langenfeld 2- Wattenscheid 2"]
[Site "?"]
[Date "2022.11.13"]
[Round "4.2"]
[White "Schipp, Cyrill"]
[Black "Peter, Thomas"]
[Result "0-1"]
[WhiteElo "2023"]
[BlackElo "2227"]
[Annotator "daniel"]
[PlyCount "64"]
[SourceVersionDate "2023.06.22"]

1. e4 e6 2. d4 d5 3. e5 c5 4. c3 Nc6 5. Nf3 Nge7 6. Bd3 Ng6 7. O-O Be7 8. Re1
O-O 9. dxc5 Bxc5 10. b4 Be7 11. Na3 f6 12. Bxg6 hxg6 13. Bf4 g5 14. Bc1 Nxe5
15. Nxe5 fxe5 16. Rxe5 Bf6 17. Re3 e5 18. Bb2 Be6 19. Nc2 Qd7 20. Qd2 Rac8 21.
Rae1 $11 Bf7 22. R3e2 Rfd8 23. Ne3 d4 24. cxd4 exd4 25. Nd1 d3 26. Bxf6 gxf6
27. Re7 Qd6 28. Rxb7 Rc2 29. Qe3 Re2 30. Rxe2 dxe2 31. Qxe2 Qxd1+ 32. Qf1 Bc4
0-1

[Event "Langenfeld 2- Wattenscheid 2"]
[Site "?"]
[Date "2022.11.13"]
[Round "4.3"]
[White "Schlehoefer, Ralf"]
[Black "Brochhagen, Thomas"]
[Result "1/2-1/2"]
[WhiteElo "2211"]
[BlackElo "2000"]
[Annotator "daniel"]
[PlyCount "76"]
[SourceVersionDate "2023.06.22"]

1. d4 c5 2. d5 e5 3. e4 d6 4. Be2 Be7 5. Bg4 Bxg4 6. Qxg4 Nf6 7. Qe2 Nbd7 8.
Nf3 O-O 9. O-O Ne8 10. Nc3 g6 11. Bh6 Ng7 12. a4 f5 13. Bxg7 Kxg7 14. Nd2 f4
15. g4 Nf6 16. h3 h5 17. f3 Rh8 18. Kg2 a6 19. a5 hxg4 20. hxg4 Qc7 $11 21. Nc4
Rh4 22. Rh1 Rah8 23. Rxh4 Rxh4 24. Rh1 Ne8 25. Rxh4 Bxh4 26. Kf1 Bd8 27. Qh2
Qd7 28. Ke2 Bc7 29. Kd3 Qd8 30. Nd1 Bxa5 31. g5 Bc7 32. Qh6+ Kf7 33. Nf2 Ng7
34. Ng4 b5 35. Ncxe5+ dxe5 36. Qh7 c4+ 37. Ke2 Qxg5 38. Nh6+ Kf6 1/2-1/2

[Event "Langenfeld 2- Wattenscheid 2"]
[Site "?"]
[Date "2022.11.13"]
[Round "4.4"]
[White "Reuter, Michael"]
[Black "Lang, Daniel"]
[Result "1-0"]
[WhiteElo "2033"]
[BlackElo "2128"]
[PlyCount "71"]
[SourceVersionDate "2023.06.22"]

1. d4 e6 2. Nf3 Nf6 3. Nbd2 d5 4. e3 c5 5. c3 Nc6 6. Bd3 Be7 7. Qe2 Qc7 8. dxc5
Bxc5 9. e4 Be7 10. O-O O-O 11. Re1 b6 12. e5 Nd7 13. Nb3 Nc5 14. Nxc5 bxc5 15.
Bf4 Qb6 16. Rab1 a5 17. Qc2 g6 18. Qd2 Ba6 19. Bc2 d4 20. Bg5 Qd8 21. Bh6 Re8
22. Ba4 Qb6 23. Qf4 Rec8 24. Ng5 Nd8 25. Be8 Ra7 26. Bxf7+ Kh8 27. Be8 Bb5 28.
Bxb5 Qxb5 29. Ne4 Qe8 30. cxd4 cxd4 31. Nd6 Bxd6 32. exd6 Rf7 33. Qxd4+ Kg8 34.
Rbc1 Rb8 35. Rc7 Rb7 36. Rec1 1-0

[Event "Langenfeld 2- Wattenscheid 2"]
[Site "?"]
[Date "2022.11.13"]
[Round "4.5"]
[White "Schlange, Stefan"]
[Black "Hess, Christian"]
[Result "1/2-1/2"]
[WhiteElo "2185"]
[BlackElo "2152"]
[PlyCount "94"]
[SourceVersionDate "2023.06.22"]

1. e4 c5 2. Nf3 Nc6 3. d4 cxd4 4. Nxd4 e6 5. Nxc6 bxc6 6. Bd3 Qc7 7. O-O d5 8.
c4 dxe4 9. Bxe4 Nf6 10. Bf3 Bd6 11. g3 O-O 12. Qc2 Nd7 13. Be3 Ne5 14. Be2 c5
15. Nc3 a6 16. Ne4 Be7 17. Ng5 Bxg5 18. Bxg5 Bb7 19. f3 Nc6 20. Be3 Qe5 21. Kf2
Nd4 22. Bxd4 Qxd4+ 23. Kg2 g5 24. Rad1 Qe5 25. Bd3 f5 26. Qe2 Qf6 27. h3 h5 28.
Rde1 Rae8 29. Qe5 g4 30. Qxf6 gxf3+ 31. Kf2 Rxf6 32. Re5 Rd8 33. Rd1 Rd4 34.
Rxc5 e5 35. Bc2 Rfd6 36. Rxd4 Rxd4 37. Bxf5 Rd2+ 38. Kf1 e4 39. Re5 Re2 40.
Be6+ Kg7 41. Bd5 Bxd5 42. cxd5 e3 43. Rf5 Rf2+ 44. Ke1 Kg6 45. g4 hxg4 46. hxg4
Re2+ 47. Kf1 Rf2+ 1/2-1/2

[Event "Langenfeld 2- Wattenscheid 2"]
[Site "?"]
[Date "2022.11.13"]
[Round "4.6"]
[White "Hess, Dennis"]
[Black "Schmedders, Hans- gerd"]
[Result "0-1"]
[WhiteElo "1986"]
[BlackElo "2157"]
[Annotator "daniel"]
[PlyCount "72"]
[SourceVersionDate "2023.06.22"]

1. e4 c6 2. d4 d5 3. exd5 cxd5 4. c4 Nf6 5. Nc3 g6 6. cxd5 Nxd5 7. Bc4 Nb6 8.
Bb3 Bg7 9. Nf3 O-O 10. Bg5 Bg4 11. O-O Nc6 12. d5 Nd4 13. Re1 Re8 14. d6 Bxf3
15. dxe7 Qd7 16. gxf3 $11 Qf5 17. f4 h6 18. Bh4 Qxf4 19. Re4 Nf3+ 20. Kf1 Nd2+
21. Kg1 Nxe4 22. Bxf7+ Qxf7 23. Nxe4 g5 24. Nd6 Qxe7 25. Nxe8 Rxe8 26. Bg3 Qe2
27. Qb3+ Qc4 28. Qf3 Qd5 29. Qh5 Qf7 30. Qg4 Bxb2 31. Rd1 Bg7 32. h4 Qe6 33.
Qb4 Qc4 34. Qd6 gxh4 35. Bf4 Qe6 36. Qd3 Qg4+ 0-1

[Event "Langenfeld 2- Wattenscheid 2"]
[Site "?"]
[Date "2022.11.13"]
[Round "4.7"]
[White "Schwebel, Markus"]
[Black "Hendrichs, Udo"]
[Result "1/2-1/2"]
[WhiteElo "2046"]
[BlackElo "2010"]
[PlyCount "67"]
[SourceVersionDate "2023.06.22"]

1. e4 e6 2. d4 d5 3. e5 c5 4. c3 Nc6 5. Nf3 Bd7 6. Bd3 Rc8 7. dxc5 Bxc5 8. O-O
Nge7 9. Bf4 Ng6 10. Bg3 Qb6 11. b4 Be7 12. h4 Qd8 13. h5 Nh4 14. Nxh4 Bxh4 15.
Qg4 Bxg3 16. Qxg3 g6 17. Nd2 Ne7 18. c4 a6 19. Rac1 Qb6 20. Qf4 Qxb4 21. Rb1
Qa3 22. Rb3 Qxa2 23. Rxb7 Rf8 24. Rfb1 Qa3 25. Qf3 Bc6 26. Rb8 Kd7 27. Rxc8
Rxc8 28. cxd5 Nxd5 29. Qxf7+ Ne7 30. Bc4 Bd5 31. Bxd5 Rc1+ 32. Rxc1 Qxc1+ 33.
Kh2 exd5 34. Qf4 1/2-1/2

[Event "Dinslaken- Kleve"]
[Site "?"]
[Date "2022.11.13"]
[Round "4.1"]
[White "Shakhverdian, William"]
[Black "Sielecki, Christof"]
[Result "1/2-1/2"]
[WhiteElo "2143"]
[BlackElo "2430"]
[PlyCount "92"]
[SourceVersionDate "2023.06.22"]

1. d4 Nf6 2. c4 e6 3. Nf3 d5 4. Nc3 a6 5. cxd5 exd5 6. Bg5 Be6 7. Bxf6 Qxf6 8.
Qb3 Ra7 9. h4 h6 10. O-O-O Nd7 11. Nxd5 Qd8 12. Qe3 Ra8 13. Nf4 Qe7 14. Nxe6
Qxe6 15. Qxe6+ fxe6 16. g3 Bd6 17. Bh3 Ke7 18. Rd3 Rae8 19. Re3 Kf7 20. d5 Nf8
21. Rd1 exd5 22. Rxe8 Kxe8 23. Rxd5 Ng6 24. Nd2 Rf8 25. Rf5 Rxf5 26. Bxf5 Ne7
27. Be4 b6 28. Bg2 Ng8 29. Bc6+ Ke7 30. Ne4 Be5 31. Bd5 Nf6 32. Nxf6 gxf6 33.
e3 Bd6 34. a3 Kd7 35. Kc2 b5 36. f4 c6 37. Bf3 a5 38. g4 a4 39. g5 fxg5 40.
fxg5 hxg5 41. hxg5 Be5 42. g6 Kd6 43. Be2 Bg7 44. Kb1 Be5 45. Kc2 Bg7 46. Kb1
Be5 1/2-1/2

[Event "Dinslaken- Kleve"]
[Site "?"]
[Date "2022.11.13"]
[Round "4.2"]
[White "Sonnenschein, Philipp"]
[Black "Verfuerth, Kevin"]
[Result "1/2-1/2"]
[WhiteElo "2221"]
[BlackElo "2007"]
[PlyCount "30"]
[SourceVersionDate "2023.06.22"]

1. e4 c5 2. Nf3 Nc6 3. Bb5 g6 4. O-O Bg7 5. c3 e5 6. d4 cxd4 7. cxd4 exd4 8.
Bf4 Nge7 9. Bd6 O-O 10. Na3 a6 11. Bc4 b5 12. Bd5 Nxd5 13. Bxf8 Nc3 14. bxc3
Qxf8 15. Nc2 dxc3 1/2-1/2

[Event "Dinslaken- Kleve"]
[Site "?"]
[Date "2022.11.13"]
[Round "4.3"]
[White "Wiegersma, Justus"]
[Black "Welzel, Philipp"]
[Result "0-1"]
[WhiteElo "1971"]
[BlackElo "2175"]
[PlyCount "42"]
[SourceVersionDate "2023.06.22"]

1. c4 Nf6 2. d4 e6 3. Nf3 c5 4. g3 cxd4 5. Nxd4 d5 6. Bg2 e5 7. Nf3 d4 8. O-O
Nc6 9. b4 Bxb4 10. Qa4 Qa5 11. Qxa5 Bxa5 12. Bd2 Bc7 13. Na3 a6 14. Rab1 O-O
15. c5 e4 16. Ng5 Re8 17. Nc4 h6 18. Nh3 g5 19. Nb6 Bxb6 20. cxb6 Bf5 21. Rb2
Rac8 0-1

[Event "Dinslaken- Kleve"]
[Site "?"]
[Date "2022.11.13"]
[Round "4.4"]
[White "Ossig, Rainer"]
[Black "Van Kuijk, Vadim"]
[Result "0-1"]
[WhiteElo "2182"]
[BlackElo "2031"]
[PlyCount "72"]
[SourceVersionDate "2023.06.22"]

1. d4 d5 2. c4 c6 3. Nf3 Nf6 4. Nbd2 e6 5. g3 Nbd7 6. Bg2 dxc4 7. Nxc4 b5 8.
Nce5 Nxe5 9. Nxe5 Bb7 10. O-O Qb6 11. Bg5 Be7 12. Rc1 Rc8 13. e3 h6 14. Bxf6
Bxf6 15. Nd3 O-O 16. b4 Rfd8 17. f4 Bxd4 18. exd4 Rxd4 19. Kh1 Rcd8 20. Rc3 a5
21. bxa5 Qxa5 22. Qc2 Ba6 23. Rb3 b4 24. Rd1 Bc4 25. Nf2 Rxd1+ 26. Nxd1 Bxb3
27. axb3 Qf5 28. Be4 Rxd1+ 29. Kg2 Rd2+ 30. Qxd2 Qxe4+ 31. Kf2 c5 32. Qd8+ Kh7
33. Qe7 c4 34. bxc4 b3 35. Qb4 Qc2+ 36. Kf3 b2 0-1

[Event "Dinslaken- Kleve"]
[Site "?"]
[Date "2022.11.13"]
[Round "4.5"]
[White "Krebbers, Wilfried"]
[Black "Graeber, Ralf"]
[Result "0-1"]
[WhiteElo "2050"]
[BlackElo "2194"]
[PlyCount "106"]
[SourceVersionDate "2023.06.22"]

1. b4 e5 2. Bb2 d6 3. e3 f5 4. c4 Nf6 5. Be2 Be7 6. Nf3 O-O 7. Nc3 Qe8 8. Qc2
Nc6 9. b5 Nd8 10. Nd5 Ne6 11. Nxe7+ Qxe7 12. Ba3 e4 13. Nd4 Nxd4 14. exd4 f4
15. O-O-O a6 16. Bb2 axb5 17. cxb5 Be6 18. Bc4 Bxc4 19. Qxc4+ d5 20. Qb3 c6 21.
Kb1 Ra5 22. bxc6 bxc6 23. Rc1 Rb5 24. Qc3 Rfb8 25. Rc2 Qb7 26. Ka1 Rb4 27. Rhc1
Rc4 28. Qa3 Rb4 29. f3 h6 30. fxe4 Nxe4 31. d3 Ra8 32. Qxa8+ Qxa8 33. dxe4 dxe4
34. Rxc6 Qb7 35. R6c2 e3 36. Rd1 Qe4 37. Re2 Rb5 38. Rc1 Rd5 39. Rce1 Rg5 40.
g3 fxg3 41. hxg3 Rxg3 42. a3 Qd3 43. d5 Qxd5 44. Rxe3 Rxe3 45. Rxe3 Kf7 46. Re5
Qd3 47. Rc5 g5 48. Rc3 Qd5 49. Rc7+ Kg6 50. Rg7+ Kf5 51. Rh7 h5 52. Bc1 h4 53.
Rh5 Kg4 0-1

[Event "Dinslaken- Kleve"]
[Site "?"]
[Date "2022.11.13"]
[Round "4.6"]
[White "Kleff, Andre"]
[Black "Verfuerth, Thomas"]
[Result "1/2-1/2"]
[WhiteElo "2129"]
[BlackElo "2067"]
[PlyCount "41"]
[SourceVersionDate "2023.06.22"]

1. d4 Nf6 2. Bf4 d5 3. e3 e6 4. Nd2 Be7 5. Bd3 b6 6. c3 O-O 7. Ngf3 Ba6 8. Bxa6
Nxa6 9. Ne5 Nb8 10. Qf3 c5 11. h4 Nfd7 12. Qg3 Nxe5 13. Bxe5 Bf6 14. f4 Bxe5
15. dxe5 Nc6 16. h5 f6 17. Qh3 Qe7 18. exf6 Qxf6 19. O-O Qf5 20. Qxf5 exf5 21.
Rad1 1/2-1/2

[Event "Dinslaken- Kleve"]
[Site "?"]
[Date "2022.11.13"]
[Round "4.7"]
[White "Hoenselaar, Dennis"]
[Black "Cebulla, Konstantin"]
[Result "1/2-1/2"]
[WhiteElo "1708"]
[BlackElo "2094"]
[PlyCount "43"]
[SourceVersionDate "2023.06.22"]

1. c4 e6 2. e4 d5 3. exd5 exd5 4. d4 Bb4+ 5. Bd2 Bxd2+ 6. Qxd2 Nf6 7. Nc3 Be6
8. c5 O-O 9. Bd3 Nc6 10. Nge2 Qd7 11. O-O Bf5 12. Bxf5 Qxf5 13. Ng3 Qg4 14.
Nce2 Rfe8 15. h3 Qd7 16. Rfe1 Ne4 17. Nxe4 Rxe4 18. f3 Rh4 19. Qg5 Qe7 20. Qxe7
Nxe7 21. g3 Rh6 22. Nf4 1/2-1/2

[Event "Dinslaken- Kleve"]
[Site "?"]
[Date "2022.11.13"]
[Round "4.8"]
[White "Riekenbrauk, Joerg"]
[Black "Van der Velden, Alain"]
[Result "1-0"]
[WhiteElo "1927"]
[BlackElo "1732"]
[PlyCount "43"]
[SourceVersionDate "2023.06.22"]

1. e4 d5 2. exd5 Nf6 3. Bb5+ Nbd7 4. Nc3 a6 5. Be2 Nb6 6. Nf3 Nbxd5 7. Nxd5
Qxd5 8. d4 Bg4 9. O-O O-O-O 10. Be3 Qf5 11. Ne5 Bxe2 12. Qxe2 Nd7 13. Nc6 bxc6
14. Qxa6+ Kb8 15. d5 c5 16. b4 Qg6 17. Qa3 Qb6 18. bxc5 Qa7 19. Rfb1+ Ka8 20.
Qc3 Nf6 21. Rb3 Nxd5 22. Qd3 1-0

[Event "Borbeck- Horst Emscher"]
[Site "?"]
[Date "2022.11.13"]
[Round "4.1"]
[White "Baerwolf, Steven"]
[Black "Loyen, Egbert"]
[Result "1/2-1/2"]
[WhiteElo "2196"]
[BlackElo "2196"]
[Annotator "daniel"]
[PlyCount "67"]
[SourceVersionDate "2023.06.22"]

1. e4 c5 2. Nf3 e6 3. c3 Nf6 4. e5 Nd5 5. d4 cxd4 6. cxd4 b6 7. Nc3 Nxc3 8.
bxc3 Qc7 9. Bd2 Be7 10. Bd3 Ba6 11. Bxa6 Nxa6 12. Qe2 Nb8 13. c4 d6 14. O-O O-O
15. Rac1 dxe5 16. Nxe5 Nd7 17. f4 Rad8 18. Bc3 Nxe5 19. fxe5 Bg5 20. Rc2 Rc8
$11 21. Bb4 Be7 22. Bd2 Qd8 23. Qe4 Rc7 24. Rf3 Qc8 25. Rh3 g6 26. Qe3 f5 27.
Qe2 Rd8 28. Be3 Qb7 29. Bf2 Rdc8 30. Rhc3 Qa6 31. Be3 Bb4 32. Rb3 Bf8 33. Rbc3
Bb4 34. Rb3 1/2-1/2

[Event "Borbeck- Horst Emscher"]
[Site "?"]
[Date "2022.11.13"]
[Round "4.2"]
[White "Hillenbrand, Michael"]
[Black "Rebentisch, Tom"]
[Result "1/2-1/2"]
[WhiteElo "2154"]
[BlackElo "2175"]
[PlyCount "55"]
[SourceVersionDate "2023.06.22"]

1. c4 e6 2. Nf3 d5 3. d4 Nf6 4. g3 Be7 5. Bg2 O-O 6. Qc2 Nbd7 7. Nbd2 c6 8. O-O
b5 9. b3 Bb7 10. e4 bxc4 11. e5 Ne8 12. bxc4 c5 13. Rb1 Bc6 14. dxc5 dxc4 15.
Nxc4 Rc8 16. Rd1 Bd5 17. Ne3 Rxc5 18. Qe2 Nb6 19. Ba3 Ra5 20. Bxe7 Qxe7 21.
Nxd5 Nxd5 22. Nd4 Nc3 23. Qe1 Ra3 24. Rb7 Qc5 25. Nb3 Rxb3 26. axb3 Nxd1 27.
Qxd1 Qxe5 28. Rxa7 1/2-1/2

[Event "Borbeck- Horst Emscher"]
[Site "?"]
[Date "2022.11.13"]
[Round "4.3"]
[White "De Roda Husman, Juan"]
[Black "Korste, Sebastian"]
[Result "1-0"]
[WhiteElo "2245"]
[BlackElo "1994"]
[PlyCount "69"]
[SourceVersionDate "2023.06.22"]

1. e4 e6 2. d4 d5 3. exd5 exd5 4. Nf3 Bg4 5. h3 Bh5 6. Qe2+ Qe7 7. Be3 Nc6 8.
Nc3 O-O-O 9. O-O-O Nf6 10. g4 Bg6 11. Ne5 Qb4 12. Nxc6 bxc6 13. Qa6+ Qb7 14.
Qa4 Kb8 15. Bd3 Nd7 16. Ba6 Qb6 17. f4 f6 18. a3 Ka8 19. b4 Nb8 20. Bd3 Be8 21.
Qb3 a5 22. Na4 Qa7 23. Nc5 Bxc5 24. bxc5 a4 25. Qc3 Nd7 26. f5 Bf7 27. Bf4 g6
28. Rde1 gxf5 29. Re7 Bg6 30. gxf5 Bh5 31. Rg1 Be8 32. Rgg7 h5 33. h4 Kb8 34.
Qb4+ Kc8 35. Re6 1-0

[Event "Borbeck- Horst Emscher"]
[Site "?"]
[Date "2022.11.13"]
[Round "4.4"]
[White "Dewenter, Ulf"]
[Black "Radulovic, Drazen"]
[Result "1/2-1/2"]
[WhiteElo "2122"]
[BlackElo "2192"]
[PlyCount "101"]
[SourceVersionDate "2023.06.22"]

1. d4 c5 2. d5 Nf6 3. Nc3 e5 4. e4 d6 5. Bb5+ Nbd7 6. a4 Be7 7. Nf3 O-O 8. O-O
Ne8 9. Ne1 Bg5 10. g3 Bxc1 11. Qxc1 a6 12. Be2 g6 13. f4 exf4 14. gxf4 Ng7 15.
Nf3 Qe7 16. Qd2 f6 17. Rae1 Rb8 18. Bc4 Nb6 19. Ba2 Bg4 20. a5 Nd7 21. Bc4 Bxf3
22. Rxf3 Rbe8 23. Rff1 Qd8 24. Nd1 g5 25. b3 gxf4 26. Rxf4 f5 27. Kh1 Rxe4 28.
Rexe4 fxe4 29. Nf2 Qe7 30. Nxe4 Rf5 31. Bd3 Re5 32. Qg2 Kh8 33. Qg4 Nh5 34. Rf5
Nhf6 35. Nxf6 Nxf6 36. Rxe5 dxe5 37. Qc8+ Kg7 38. Qf5 e4 39. Qg5+ Kf8 40. Be2
e3 41. Kg2 Qe4+ 42. Kg3 Qd4 43. Qh6+ Ke8 44. c4 Kd7 45. Qg7+ Kc8 46. Qf8+ Kd7
47. Qf7+ Kd8 48. Qf8+ Kd7 49. Qf7+ Kd8 50. Qf8+ Kd7 51. Qf7+ 1/2-1/2

[Event "Borbeck- Horst Emscher"]
[Site "?"]
[Date "2022.11.13"]
[Round "4.5"]
[White "De Mie, Mariska"]
[Black "Klasmeier, Jens"]
[Result "1-0"]
[WhiteElo "2074"]
[BlackElo "2104"]
[PlyCount "59"]
[SourceVersionDate "2023.06.22"]

1. e4 c5 2. Nf3 Nc6 3. Bb5 g6 4. Bxc6 bxc6 5. O-O Bg7 6. d3 Nh6 7. Nc3 O-O 8.
Be3 d6 9. h3 f5 10. Qd2 fxe4 11. dxe4 Nf7 12. Na4 Rb8 13. a3 Ba6 14. Rfd1 Qc8
15. Rab1 Qe6 16. Re1 Bc8 17. b3 Qf6 18. e5 Qxf3 19. gxf3 Nxe5 20. Qa5 Bxh3 21.
Kh2 Rxf3 22. Qxa7 Rbf8 23. Qxe7 Ng4+ 24. Kg1 Be5 25. Nxc5 Nxf2 26. Qxf8+ Kxf8
27. Bxf2 Rf5 28. Nd7+ Kg7 29. Nxe5 dxe5 30. Rxe5 1-0

[Event "Borbeck- Horst Emscher"]
[Site "?"]
[Date "2022.11.13"]
[Round "4.6"]
[White "Poetter, Clemens"]
[Black "Buschmann, Andreas"]
[Result "0-1"]
[WhiteElo "2058"]
[BlackElo "2087"]
[PlyCount "64"]
[SourceVersionDate "2023.06.22"]

1. d4 Nf6 2. g3 g6 3. Bg2 Bg7 4. e4 d6 5. Nc3 O-O 6. Nge2 e5 7. dxe5 dxe5 8.
Qxd8 Rxd8 9. Bg5 c6 10. h3 Na6 11. a3 Nc5 12. O-O Ne6 13. Be3 b6 14. Rfd1 Ba6
15. Bf1 Ne8 16. Kg2 Nd6 17. b3 f5 18. f3 c5 19. g4 Bb7 20. exf5 gxf5 21. Rac1
Nd4 22. Bxd4 cxd4 23. Nb1 fxg4 24. hxg4 h5 25. Kg3 hxg4 26. Kxg4 Bh6 27. Nd2
Kf7 28. Ng3 Rg8+ 29. Kh3 Bf4 30. Nde4 Bc8+ 31. Kh2 Nxe4 32. Bc4+ Be6 0-1